मानव और पर्यावरण समस्याएं एवं समाधान / (Record no. 56122)

MARC details
000 -LEADER
fixed length control field 00983nam a22002057a 4500
005 - DATE AND TIME OF LATEST TRANSACTION
control field 20110901100214.0
010 ## - LCCN (DPL NO)
LC control number G-001118
020 ## - INTERNATIONAL STANDARD BOOK NUMBER
International Standard Book Number 9789380490045
Terms of availability 48.00
035 ## - SYSTEM CONTROL NUMBER
System control number G-001118
037 ## - SOURCE OF ACQUISITION
Source of stock number/acquisition उपहार
082 ## - DEWEY DECIMAL CLASSIFICATION NUMBER
Classification number 363.7
100 ## - MAIN ENTRY--PERSONAL NAME
Personal name चन्दन सिंह
245 ## - TITLE STATEMENT
Title मानव और पर्यावरण समस्याएं एवं समाधान /
Statement of responsibility, etc चन्दन सिंह
260 ## - PUBLICATION, DISTRIBUTION, ETC. (IMPRINT)
Place of publication, distribution, etc जयपुर
Name of publisher, distributor, etc गोविन्द प्रकाशन
Date of publication, distribution, etc 2009-10
270 ## - ADDRESS
Address रामभवन, चौड़ा रास्ता
City जयपुर
Postal code 302003
Telephone number
300 ## - PHYSICAL DESCRIPTION
Extent 32पृ.
Other physical details सचित्र
Dimensions 22 सेमी (अजिल्द)
942 ## - ADDED ENTRY ELEMENTS (KOHA)
Source of classification or shelving scheme Dewey Decimal Classification
Item type Children Books
Classification part 363.7
Call number suffix चन्दन
Holdings
Withdrawn status Lost status Not for loan Collection code Home library Current library Date acquired Source of acquisition Cost, normal purchase price Full call number Barcode Copy number Cost, replacement price Koha item type
      Non-fiction Katevara Katevara 01/09/2011 उपहार 48.00 363.7 चन्दन G-001118 1 48.00 Children Books

© Delhi Public Library
Hit Counter
free hit counter